Dali - Détestable (paroles) - Statistiques

Statistiques générales
  • Ce quiz a été pris 68 fois
  • Le résultat moyen est 152 sur 202
Statistiques - réponses
Réponse % Correct
de
100%
j'suis
100%
jsuis
100%
à
98%
Allô
98%
maman
98%
défoncé
95%
bu
93%
J'ai
93%
tout
93%
encaissé
89%
qui
89%
vidé
86%
ce
84%
Je
82%
Ceux
77%
ceux
77%
mes
77%
savent
75%
se
75%
tous
75%
dans
73%
péchés
73%
temps
73%
confié
70%
détester
70%
et
70%
suis
70%
détestable
68%
être
68%
J'veux
68%
moi
68%
seul
68%
pendant
66%
du
64%
Elle
64%
noie
64%
noir
64%
qu'j'aime
64%
devenu
61%
la
61%
61%
qu'tout
61%
J'aime
59%
j'aime
59%
J'me
59%
nous
59%
comme
57%
Comme
57%
mon
57%
passent
57%
perds
57%
ciné
55%
star
55%
appartement
52%
une
52%
chic
50%
est
50%
m'use
50%
halluciner
45%
veste
45%
si
43%
c'qu'elle
41%
J'sais
41%
partie
41%
sûrement
41%
bonne
39%
dégage
39%
ferait
39%
l'feeling
39%
d'ceux
36%
j'étais
36%
renvoie
36%
j'faisais
34%
qu'c'est
34%
C'est
32%
d'costard
25%
Aucun quiz correspondant
Distribution des résultats
% des personnes avec chaque résultat
Percentile par nombre de réponses
Votre historique - résultats
Vous n’avez pas pris ce quiz